[Event "GRE-ch Online Blitz op 1st"]
[Site "Tornelo INT"]
[Date "2021.02.07"]
[Round "2"]
[White "Hartofylakas, Spyros"]
[Black "Kadianis, Georgios"]
[Result "0-1"]
[WhiteElo "1359"]
[BlackElo "1853"]
[PlyCount "66"]
[EventDate "2021.02.07"]
[EventType "swiss (blitz)"]
[EventRounds "16"]
[EventCountry "GRE"]
[SourceTitle "EXT 2023"]
[Source "ChessBase"]
[SourceDate "2022.10.05"]
[SourceVersion "1"]
[SourceVersionDate "2022.10.05"]
[SourceQuality "1"]

1. e4 c5 2. Nf3 e6 3. c3 d5 4. exd5 exd5 5. d4 Nf6 6. Bd3 Be7 7. 0-0 0-0 8. Re1 Nc6 9. Nbd2 Bg4 10. h3 Bh5 11. dxc5 Bxc5 12. Nf1 Re8 13. Be3 Bd6 14. Be2 Ne4 15. Nd4 Bg6 16. Bd3 Ne5 17. Bxe4 dxe4 18. Ng3 Nd3 19. Re2 Qh4 20. Ngf5 Qf6 21. Nxd6 Qxd6 22. Qb3 Re7 23. Nb5 Qe5 24. Bd4 Qg5 25. Be3 Qh5 26. Qc4 Qxe2 27. Qd5 h6 28. Qd6 Re6 29. Qd4 Qxb2 30. Rf1 Qxb5 31. c4 Qf5 32. g4 Qf3 33. Qd7 Qxh3 0-1

[Event "GRE-ch Online Blitz op 1st"]
[Site "Tornelo INT"]
[Date "2021.02.07"]
[Round "14"]
[White "Pavlidis, Pavlos"]
[Black "Hartofylakas, Spyros"]
[Result "1-0"]
[WhiteElo "1754"]
[BlackElo "1359"]
[PlyCount "59"]
[EventDate "2021.02.07"]
[EventType "swiss (blitz)"]
[EventRounds "16"]
[EventCountry "GRE"]
[SourceTitle "EXT 2023"]
[Source "ChessBase"]
[SourceDate "2022.10.05"]
[SourceVersion "1"]
[SourceVersionDate "2022.10.05"]
[SourceQuality "1"]

1. e4 e5 2. Nf3 Nc6 3. Bb5 a6 4. Ba4 d6 5. c3 Bd7 6. 0-0 Be7 7. d3 f5 8. exf5 Bxf5 9. Re1 b5 10. Bc2 Nf6 11. Nbd2 0-0 12. d4 Bxc2 13. Qxc2 exd4 14. cxd4 Nb4 15. Qb3+ Nbd5 16. Nf1 Kh8 17. Ng3 Qd7 18. Bg5 c5 19. dxc5 dxc5 20. Rad1 c4 21. Qc2 Qc7 22. Bxf6 Nxf6 23. Ng5 Qb6 24. Rxe7 h6 25. Nf3 Ng4 26. h3 Nf6 27. Qg6 Rg8 28. Ne5 Raf8 29. Nf5 Ne4 30. Qxb6 1-0

[Event "GRE-ch Online Blitz op 1st"]
[Site "Tornelo INT"]
[Date "2021.02.07"]
[Round "7"]
[White "Tzortzatos, Dimosthenis Panagio"]
[Black "Hartofylakas, Spyros"]
[Result "0-1"]
[WhiteElo "1562"]
[BlackElo "1359"]
[PlyCount "130"]
[EventDate "2021.02.07"]
[EventType "swiss (blitz)"]
[EventRounds "16"]
[EventCountry "GRE"]
[SourceTitle "EXT 2023"]
[Source "ChessBase"]
[SourceDate "2022.10.05"]
[SourceVersion "1"]
[SourceVersionDate "2022.10.05"]
[SourceQuality "1"]

1. e4 e5 2. Nf3 Nc6 3. Bb5 a6 4. Ba4 Nf6 5. 0-0 Bc5 6. c3 0-0 7. d4 Ba7 8. dxe5 Nxe4 9. Bc2 d5 10. exd6 Nxd6 11. Re1 Bf5 12. Bxf5 Nxf5 13. Bf4 Qxd1 14. Rxd1 Rad8 15. Na3 Nd6 16. Ne5 Nxe5 17. Bxe5 Ne4 18. Bd4 c5 19. Be3 b5 20. Nc2 f5 21. f3 Nf6 22. a4 bxa4 23. Rxd8 Rxd8 24. Rxa4 Rd1+ 25. Kf2 Rb1 26. Rxa6 Rxb2 27. Rxa7 Rxc2+ 28. Kg3 Rxc3 29. Bd2 Rc2 30. Be3 Rc4 31. Rc7 f4+ 32. Bxf4 Nh5+ 33. Kf2 Nxf4 34. g3 Nd5 35. Rd7 Nb4 36. Rb7 Rc2+ 37. Kg1 c4 38. Rc7 Nd3 39. Kf1 Rc1+ 40. Ke2 Rc2+ 41. Ke3 Nb2 42. Kd4 c3 43. Rxc3 Rxc3 44. Kxc3 Na4+ 45. Kd4 Nb6 46. Ke4 Kf7 47. h3 Kf6 48. f4 Nd7 49. g4 Nc5+ 50. Kf3 Nd3 51. Ke3 Nc5 52. Kd4 Ne6+ 53. Ke3 g5 54. fxg5+ Kxg5 55. Kf3 Kh4 56. Ke4 Ng7 57. Ke5 Kxh3 58. g5 Kg4 59. Kf6 Nf5 60. g6 h5 61. Ke5 h4 62. Ke4 Ng7 63. Ke3 Kg3 64. Ke2 Kg2 65. Ke3 h3 0-1